00838nam a22001697a 450000500170000000800410001702000180005804000070007604100080008308200200009110000190011124500360013026000280016630000320019452004160022665000260064220240327140755.0240110b ||||| |||| 00| 0 eng d a9780415130196 cAL aeng 223a574.5bALLB aMichael Allaby aBasics of environmental science aLondonbRoutledgec1996 axiii,297pbPBc24.5x17.5cm. aThe new edition of this popular student text offers an engaging introduction to environmental study. It covers the entire breadth of the environmental sciences, providing concise, non-technical explanations of physical processes and systems and the effects of human activities. In this second edition the scientific background to major environmental issues is clearly explained. These include: global warming.  2BiochemistryaEcology